000 00499nam a2200181Ia 4500
008 240925s9999 xx 000 0 und d
020 _a9780840033826
082 _a361.32 KIR
100 _aAshman,Karen K.Kirst; Hull, Grafton H.
245 0 _aUnderstanding Generalist Practice
250 _a6th
260 _aAustralia:
_bCENGAGE Learning
_c,2012.
300 _axvi, 224p.
_bNA
_fOriginal
500 _aIncludes Index
600 _aSocial Sciences
650 _aSocial Sciences
942 _cBK
999 _c14921
_d14921